| 000 | 01072nam a2200301 4500 | ||
|---|---|---|---|
| 001 | 0000016605 | ||
| 003 | CO-CtgCURN | ||
| 005 | 20250331185202.0 | ||
| 007 | ta | ||
| 008 | 160627s2008 000 0 eng d | ||
| 020 | _a9789562202824 | ||
| 040 |
_aCO-CtgCURN _bspa _ccoctgcurn |
||
| 082 | 0 |
_a616.15 _bH371 |
|
| 245 | 0 | 0 |
_aHematología : _bdiagnostico y terapeutica / _ceditor Guido Osorio Solis...[et. al]. |
| 250 | _a3a ed. | ||
| 260 |
_aSantiago de Chile : _bMediterraneo, _c2008. |
||
| 300 | _a801 p. | ||
| 336 | _2rdacontent | ||
| 337 |
_2rdamedia _asin mediacion _bn |
||
| 338 |
_2rdacarrier _avolumen _bnc |
||
| 504 | _aIncluye indice y bibliografia (p.784-785) | ||
| 505 | 8 | _aPatología del globulo rojo.--Patología del leucocito.--Patología del sistema inmune.--Patología de la hemostasia.--Apoyo al tratamiento de las hemopatias | |
| 650 | 1 | 4 |
_aHematología _vdiagnostico. |
| 700 | 1 | _aOsorio Solis, Guido ed. | |
| 908 | _a160627 | ||
| 942 |
_cBK _h616.15 _iH371 _2ddc |
||
| 999 |
_c22325 _d22325 |
||